000 00305nam a22001337a 4500
008 171017b xxu||||| |||| 00| 0 eng d
020 _a9780538470070
041 _aeng
080 _a331.101.262
100 _a52
101 _aBNJ
245 _aHUMAN RESOURCE MANAGEMENT
_cMARSH, F.C.W
942 _2udc
_cBK
999 _c34315
_d34315